[Event "Titled Tuesday intern op 22nd Feb Early"]
[Site "Chess.com INT"]
[Date "2022.02.22"]
[Round "5"]
[White "Steil Antoni, Fiona"]
[Black "Berezin, Viktor1111"]
[Result "0-1"]
[WhiteElo "2163"]
[BlackElo "2307"]
[PlyCount "144"]
[EventDate "2022.02.22"]
[EventType "swiss (blitz)"]
[EventRounds "11"]
[EventCountry "USA"]
[SourceTitle "CBM 207 Extra"]
[Source "ChessBase"]
[SourceDate "2022.05.31"]
[SourceVersion "1"]
[SourceVersionDate "2022.05.31"]
[SourceQuality "1"]

1. e4 d5 2. exd5 Nf6 3. d4 Bg4 4. Be2 Bxe2 5. Nxe2 Qxd5 6. 0-0 e6 7. b3 c5 8. c4 Qh5 9. Ba3 Nc6 10. dxc5 Rd8 11. Qc2 Bxc5 12. Ng3 Qe5 13. Bxc5 Qxc5 14. Nc3 Nb4 15. Qe2 0-0 16. h3 Nc6 17. Rad1 Nd4 18. Qe3 e5 19. Nge4 Nxe4 20. Nxe4 Qe7 21. Nc3 Rfe8 22. Nd5 Qc5 23. Rd2 b6 24. Re1 f6 25. Qe4 Ne6 26. Red1 Kh8 27. h4 Rf8 28. Rd3 Rde8 29. Qg4 f5 30. Qg3 e4 31. R3d2 f4 32. Qg4 e3 33. fxe3 fxe3 34. Re2 Nc7 35. Nxc7 Qxc7 36. Rde1 Qc5 37. Qg3 Rf2 38. Kh2 Rxe2 39. Rxe2 h6 40. Qf3 Qe5+ 41. Qg3 Qd4 42. Qf3 Qd3 43. g3 Qd4 44. Kg2 a6 45. Qf4 Qd3 46. Qf3 b5 47. cxb5 axb5 48. h5 b4 49. Qg4 Qd5+ 50. Qf3 Qd4 51. Qf4 Qd3 52. Qf3 Qd1 53. Qg4 Rf8 54. Kh3 Qf1+ 55. Kh4 Qh1+ 56. Qh3 Qe4+ 57. Qg4 Qe7+ 58. Kh3 Rf1 59. Qf4 Rxf4 60. gxf4 Qe4 61. Kg3 Qd3 62. Kf3 Qd5+ 63. Kg3 Qxh5 64. Rxe3 Qf7 65. Kf3 Kh7 66. Re4 Qf5 67. Rxb4 h5 68. Rc4 Qg4+ 69. Ke4 h4 70. a4 h3 71. Rc2 Qg3 72. a5 h2 0-1

[Event "Titled Tuesday intern op 22nd Feb Early"]
[Site "Chess.com INT"]
[Date "2022.02.22"]
[Round "1"]
[White "Steil Antoni, Fiona"]
[Black "Bodnar, Nikolay"]
[Result "0-1"]
[WhiteElo "2163"]
[BlackElo "2438"]
[PlyCount "94"]
[EventDate "2022.02.22"]
[EventType "swiss (blitz)"]
[EventRounds "11"]
[EventCountry "USA"]
[SourceTitle "CBM 207 Extra"]
[Source "ChessBase"]
[SourceDate "2022.05.31"]
[SourceVersion "1"]
[SourceVersionDate "2022.05.31"]
[SourceQuality "1"]

1. e4 e5 2. Bc4 Nf6 3. d3 c6 4. Nf3 d5 5. Bb3 Bb4+ 6. c3 Bd6 7. 0-0 0-0 8. Re1 Re8 9. Bg5 dxe4 10. dxe4 h6 11. Bh4 Na6 12. Nbd2 Nc5 13. Bc2 Bc7 14. h3 Ne6 15. Nc4 Qxd1 16. Raxd1 g5 17. Bg3 Nf4 18. Bxf4 exf4 19. e5 Nd5 20. Nd6 Bxd6 21. exd6 Be6 22. c4 Nb4 23. Bb3 c5 24. a3 Nc6 25. Ne5 Nd4 26. Ba4 Red8 27. d7 f6 28. Nd3 b6 29. b4 Bxd7 30. Bxd7 Rxd7 31. bxc5 Rad8 32. cxb6 axb6 33. Nb2 Nc2 34. Rxd7 Rxd7 35. Re6 Kf7 36. Rxb6 Nxa3 37. c5 Rc7 38. Nd3 Nc4 39. Ra6 Rd7 40. Nb4 Rd1+ 41. Kh2 Nd2 42. g3 f3 43. h4 Nf1+ 44. Kh3 Ne3 45. Kh2 Ng4+ 46. Kh3 Nxf2+ 47. Kh2 Rh1# 0-1

[Event "Titled Tuesday intern op 22nd Feb Early"]
[Site "Chess.com INT"]
[Date "2022.02.22"]
[Round "9"]
[White "Steil Antoni, Fiona"]
[Black "Mirzanurov, Bulat"]
[Result "1-0"]
[WhiteElo "2163"]
[BlackElo "2199"]
[PlyCount "69"]
[EventDate "2022.02.22"]
[EventType "swiss (blitz)"]
[EventRounds "11"]
[EventCountry "USA"]
[SourceTitle "CBM 207 Extra"]
[Source "ChessBase"]
[SourceDate "2022.05.31"]
[SourceVersion "1"]
[SourceVersionDate "2022.05.31"]
[SourceQuality "1"]

1. e4 c5 2. Nc3 d6 3. f4 g6 4. Nf3 Bg7 5. Bc4 Nc6 6. d3 e6 7. 0-0 Nge7 8. Qe1 a6 9. f5 exf5 10. Qh4 h6 11. a4 g5 12. Qe1 f4 13. Kh1 0-0 14. Qd1 Be6 15. Nd5 Ne5 16. Nxe5 Bxe5 17. Qh5 Bg7 18. g3 Bxd5 19. exd5 fxg3 20. hxg3 Ng6 21. Bd2 Ne5 22. Bc3 Nxc4 23. dxc4 Bxc3 24. bxc3 Kg7 25. Rf2 f5 26. Re1 Re8 27. Rfe2 Rxe2 28. Rxe2 Qd7 29. Re6 Rh8 30. Qg6+ Kf8 31. Rf6+ Ke7 32. Rf7+ Kd8 33. Qf6+ Kc7 34. Rxd7+ Kxd7 35. Qxh8 1-0